Mungkir janji

Bibliographic Details
Format: Book
Published: Kuala Lumpur : Penerbitan Kembang Maju , 2002
Series:Cerita pengajaran moral
Subjects:

MARC

LEADER 00000cam a2200000 7i4500
001 0000000087
005 20220105103908.0
008 070627
020 |a 967991349X 
090 0 0 |a JP   |b PR MAL (117) 
245 0 0 |a Mungkir janji 
260 |a Kuala Lumpur :   |b Penerbitan Kembang Maju ,   |c 2002 
440 0 |a Cerita pengajaran moral 
500 |a Children age 4-6 years old (yellow) 
650 0 |a Malay fiction 
999 |a 0000896524   |b Book   |c Children Collection   |e Cawangan Pontian 
999 |a 0000896529   |b Book   |c Children Collection   |e Cawangan Pontian 
999 |a 0000896531   |b Book   |c Children Collection   |e Cawangan Bandar Penawar 
999 |a 0000900567   |b Book   |c Children Collection   |e Cawangan Tangkak 
999 |a 0000900571   |b Book   |c Children Collection   |e Cawangan Segamat 
999 |a 0000900572   |b Book   |c Children Collection   |e Cawangan Segamat 
999 |a 0000900573   |b Book   |c Children Collection   |e Cawangan Bandar Penawar 
999 |a 0000900574   |b Book   |c Children Collection   |e Cawangan Bandar Penawar 
999 |a 0000953766   |b Book   |c Children Collection   |e Cawangan Kota Tinggi 
999 |a 0000953767   |b Book   |c Children Collection   |e Cawangan Taman Universiti 
999 |a 0000953768   |b Book   |c Children Collection   |e Perbadanan Perpustakaan Awam Johor 
999 |a 0000953769   |b Book   |c Children Collection   |e Perbadanan Perpustakaan Awam Johor 
999 |a 0001093262   |b Book   |c Children Collection   |e Cawangan Segamat 
999 |a 0001093777   |b Book   |c Children Collection   |e Cawangan Taman Sri Lambak